[Event "Santo Domingo Regional-ch"]
[Site "Santo Domingo"]
[Date "2016.03.12"]
[Round "3"]
[White "Ventura Nunez, Yeudy"]
[Black "Mendez, Ruddy Antonio"]
[Result "0-1"]
[WhiteElo "1670"]
[BlackElo "2034"]
[PlyCount "106"]
[EventDate "2016.03.11"]
[EventType "swiss"]
[EventRounds "7"]
[EventCountry "DOM"]
[SourceTitle "EXT 2017"]
[Source "ChessBase"]
[SourceDate "2016.10.25"]
[SourceVersion "1"]
[SourceVersionDate "2016.10.25"]
[SourceQuality "1"]

1. c4 e5 2. Nc3 f5 3. e3 Nf6 4. Nge2 Be7 5. d4 Nc6 6. dxe5 Nxe5 7. Ng3 d6 8. f4 Nc6 9. Bd3 g6 10. a3 0-0 11. 0-0 Be6 12. b4 a5 13. b5 Nb8 14. a4 Nbd7 15. Ba3 Qe8 16. Re1 Qf7 17. Qe2 Rae8 18. Rf1 Nb6 19. Nd5 Nbxd5 20. cxd5 Bxd5 21. Rac1 Bd8 22. Bb2 c6 23. Rfe1 Bb6 24. Qd2 Ng4 25. Nf1 h6 26. h3 Nf6 27. Bd4 Bxd4 28. exd4 Qc7 29. Ne3 Qb6 30. Bc4 Re4 31. Rcd1 Rfe8 32. Kf2 Rxf4+ 33. Kg1 Rfe4 34. Kh2 Qc7 35. Rc1 Rxe3 36. Rxe3 Rxe3 37. Qxe3 Bxc4 38. bxc6 bxc6 39. Qxh6 d5+ 40. Kg1 Kf7 41. Re1 Bd3 42. Re5 Be4 43. Qh8 c5 44. g4 cxd4 45. Rxe4 dxe4 46. gxf5 Qg3+ 47. Kf1 Qf3+ 48. Kg1 e3 49. fxg6+ Kxg6 50. Qh4 d3 51. Qd4 e2 52. Qf2 Qxf2+ 53. Kxf2 Ne4+ 0-1